000
00281nam a2200109Ia 4500
008
220204s9999 xx 000 0 und d
082
_a
678 (520)
_b
PRO.8
245
0
_a
Progress in polymer science Japan. V 8
260
_a
Tokyo
_b
Kodansha
_c
1975
650
_a
Biopolymers
942
_c
BK
999
_c
24088
_d
24088